000 00712cam a2200217 a 4500
001 000018777
005 20200929165845.0
008 761119s1972 ve 000 f spa d
040 _aDO-SdBNP
_cOClU
_dDLC
_dBNPHU
082 _aV863.42
_bD542s
100 1 _aDíaz Rodríguez, Manuel,
_d1871-1927.
_93961
245 1 0 _aSangre patricia /
_cManuel Díaz Rodríguez.
260 _aCaracas, :
_bMonte Ávila,
_c1972.
300 _a150, [151-153] p. ;
_c19 cm.
490 1 _aBiblioteca popular el dorado
_v18
650 4 _aNovela venezolana
_93962
650 4 _aLiteratura venezolana
_ySIGLO XX
_99777
830 0 _aBiblioteca popular el dorado ,
_v18
_913605
910 _aCatalogación derivada / LC
049 _aBNGR
999 _c18297
_d18297